The software development project : planning and management /

Bibliographic Details
Main Author: Bruce, Phillip, 1942-
Other Authors: Pederson, Sam M., 1943-
Format: Book
Language:English
Published: New York : Wiley, [1982]
Subjects:

MARC

Tag First Indicator Second Indicator Subfields
LEADER 00000pam a2200000 a 4500
001 in00000082042
005 20151008055455.0
008 810528s1982 nyua 00110 eng
010 |a  81010457  
020 |a 0471062693 
035 |a (OCoLC)07572809 
035 |9 AAJ3561AM 
039 0 |a 2  |b 3  |c 3  |d 3  |e 3 
040 |a DLC  |c DLC  |d TXA  |d UtOrBLW 
049 |a TXAM  |c [1361877] 
050 0 0 |a QA76.6  |b .B774 
082 0 |a 658/.05  |2 19 
100 1 |a Bruce, Phillip,  |d 1942- 
245 1 4 |a The software development project :  |b planning and management /  |c Phillip Bruce, Sam M. Pederson. 
264 1 |a New York :  |b Wiley,  |c [1982] 
264 4 |c ©1982 
300 |a xi, 210 pages :  |b illustrations ;  |c 29 cm. 
336 |a text  |b txt  |2 rdacontent 
337 |a unmediated  |b n  |2 rdamedia 
338 |a volume  |b nc  |2 rdacarrier 
500 |a "A Wiley-Interscience publication." 
500 |a Includes index. 
650 0 |a Computer programming  |x Management. 
700 1 |a Pederson, Sam M.,  |d 1943- 
999 |a MARS 
999 f f |s 76feece0-b6ad-3b58-a4aa-c941e87a3870  |i c26d36b6-1f60-3a30-995e-b96d50b2a413  |t 0 
952 f f |p ric  |a Texas A&M University  |b Rellis Campus  |c Joint Library Facility  |d Remote Storage  |t 0  |e QA76.6 .B774  |h Library of Congress classification  |i unmediated -- volume  |m A14806201643 
998 f f |a QA76.6 .B774  |t 0  |l Remote Storage